000 00435nam a2200169 a 4500
001 0000-9221
003 ELIB.Books
008 110520 2008
035 _a(ELIB.Books)0000-9373
082 _aB.Th
_bPa
100 _aPa Ne' Tal Htoo, Saw
245 _aWays to Overcoming Sin
260 _bInsein: Karen Baptist Theolgical Seminary
_c2008
650 _aThesis
942 _2ddc
_cBK
998 _cbat
_e2011-05-20
999 _c9221
_d9221